000 00304nam a22001337a 4500
008 170930b xxu||||| |||| 00| 0 eng d
020 _a9781580084314
041 _aeng
080 _a37
100 _a47
101 _aEDU
245 _aEARNING DEGREES BY DISTANCE LEARNING
_cBEAR, J.B
942 _2udc
_cBK
999 _c30970
_d30970